Govt. of
Madhya Pradesh

Influence of Islam on Indian Culture (Record no. 34472)

MARC details
000 -LEADER
fixed length control field 004300000a22001690004500
003 - CONTROL NUMBER IDENTIFIER
control field MACL
005 - DATE AND TIME OF LATEST TRANSACTION
control field 20160105150800.0
008 - FIXED-LENGTH DATA ELEMENTS--GENERAL INFORMATION
fixed length control field 160105b xxu||||| |||| 00| 0 eng d
040 ## - CATALOGING SOURCE
Original cataloging agency MACL
Transcribing agency MACL
041 ## - LANGUAGE CODE
Language code of text/sound track or separate title English
082 ## - DEWEY DECIMAL CLASSIFICATION NUMBER
Classification number 824/CHA
100 ## - MAIN ENTRY--PERSONAL NAME
Personal name Chand, Tara
9 (RLIN) 24423
245 ## - TITLE STATEMENT
Title Influence of Islam on Indian Culture
260 ## - PUBLICATION, DISTRIBUTION, ETC. (IMPRINT)
Name of publisher, distributor, etc. The Indian Press
Date of publication, distribution, etc. 1946
Place of publication, distribution, etc. Allahabad
650 ## - SUBJECT ADDED ENTRY--TOPICAL TERM
Topical term or geographic name as entry element Essays
9 (RLIN) 28117
942 ## - ADDED ENTRY ELEMENTS (KOHA)
Koha item type Books
Call number prefix 824/CHA
Source of classification or shelving scheme

No items available.